| 000 | 00594nam a2200181 4500 | ||
|---|---|---|---|
| 999 |
_c20376 _d20376 |
||
| 008 | 040625s1954 xx 000 0 eng | ||
| 100 | 1 |
_aOtt, Ludwig, _d1906- |
|
| 245 | 1 | 0 |
_aFundamentals of Catholic dogma / _cEdited in English by James Canon Bastible. Translated from the German by Patrick Lynch. |
| 260 |
_aSt. Louis, Mo. : _bB. Herder Book Co., _c1955. |
||
| 300 | _a519 p. | ||
| 336 | _atext | ||
| 337 | _aunmediated | ||
| 338 | _avolume | ||
| 504 | _aIncludes bibliography. | ||
| 610 | 2 | 4 |
_aCatholic Church _xDoctrinal and controversial works. |
| 951 | _x00028133 | ||
| 942 |
_2lcc _cBK |
||